Statistics for 10 Most Conflicted Countries In The World

Click here to take the quiz!

General Stats

  • This quiz has been taken 47 times
  • The average score is 12 of 15

Answer Stats

Conflict Related Death TollCountry Name% Correct
49,742Syria
98%
23,898Iraq
98%
23,539Afghanistan
93%
3,891Sudan
87%
1,803Pakistan
87%
1,565D.R. Congo
84%
1,375Yemen
84%
5,575Somalia
82%
2,865Libya
80%
4,684Nigeria
76%
3,544South Sudan
76%
12,224Mexico
71%
902Ukraine
64%
1,707Egypt
60%
1,114Ethiopia
60%

Score Distribution

Percentile by Number Answered

Percent of People with Each Score

Your Score History

You have not taken this quiz